| 000 | 01756cam a22004577a 4500 | ||
|---|---|---|---|
| 001 | 000095075 | ||
| 003 | CHAP | ||
| 005 | 20220329143055.0 | ||
| 008 | 051214d2005 mx bd r 00110 spa d | ||
| 010 | _a91541 | ||
| 011 | _a92513 | ||
| 035 | _a103077 | ||
| 040 | _cCHAP | ||
| 090 | _aTesis | ||
| 100 | 0 | 0 |
_aMajata Maldonado, Oscar Alain. _969942 |
| 245 | 1 | 0 |
_aDiagnóstico del sector forestal del estado de Guerrero : _bregión Costa Grande y Tierra Caliente / _c/por Oscar Alain Majata Maldonado. |
| 260 |
_aChapingo, Méx. : _bEl autor, _c2005. |
||
| 300 |
_a65 h. : _bmapas ; cuadros. |
||
| 502 | _aTesis (Ing. Forestal con Orientación en Silvicultura) -- UACH. División de Ciencias Forestales | ||
| 590 |
_aALEPH _b10 _c20130110 _lUCH01 _h1508 |
||
| 590 |
_aBATCH-UPD _b10 _c20130110 _lUCH01 _h0129 |
||
| 590 |
_aBATCH-UPD _b10 _c20130110 _lUCH01 _h0732 |
||
| 590 |
_aBATCH-UPD _b10 _c20130409 _lUCH01 _h2124 |
||
| 590 |
_aBATCH-UPD _b10 _c20130410 _lUCH01 _h1041 |
||
| 590 |
_aBATCH-UPD _b10 _c20130914 _lUCH01 _h0704 |
||
| 590 |
_aBATCH-UPD _b10 _c20140324 _lUCH01 _h1453 |
||
| 590 |
_aBATCH-UPD _b10 _c20141002 _lUCH01 _h0828 |
||
| 590 |
_aCONVERSION _b10 _c20130109 _lUCH01 _h1351 |
||
| 590 |
_aE792CSJ _b10 _c20130617 _lUCH01 _h0901 |
||
| 650 | 1 | 4 |
_aBosques _xAdministración _xGuerrero. _914016 |
| 650 | 1 | 4 |
_aBosques _xGuerrero. _914201 |
| 650 | 1 | 4 |
_aBosques _xUtilización. _914405 |
| 650 | 1 | 4 |
_aIndustrias forestales _xGuerrero. _957989 |
| 856 |
_3Finding aid _uhttp://10.13.5.2/tesis/103077.pdf _zTeclea aquí |
||
| 901 | _aBK | ||
| 905 | _aMarco A. Mendoza T. | ||
| 942 | _cCD | ||
| 942 | _n0 | ||
| 949 |
_aTesis _bBC _cTES _d1030771 _eTS1 _gDonaciØn _h44463 _i103077 _sb |
||
| 949 |
_aTesis _bBC _cTES _d33724000967618 _eTS2 _fc.2 _gDonaciØn _h44464 _i103077 _sb |
||
| 999 |
_c91541 _d91541 |
||